| 000 | 00414 a2200121 4500 | ||
|---|---|---|---|
| 001 | ART_10967 | ||
| 005 | 20260410161732.0 | ||
| 008 | 260409a | ||
| 245 | 1 | 0 | _aNuevos instrumentos para manejar el riesgo empresario en los mercados internacionales y local |
| 100 | 1 | _aJanovitz, Elemer | |
| 700 | 1 | _aMarzana, Mario T. | |
| 773 | 0 |
_tEjecutivos de finanzas _g- Año 4, Nº 34 (dic. 1986) _wREV2863 |
|
| 999 |
_c17954 _d17954 |
||